000 00815nam a2200205 a 4500
003 0
005 20250623105325.0
008 021118s19uu xx 00 eng d
050 _aPHS PN 1583
_b.M67 1999
100 _aMorales, Champagne D.
245 _aDecisions made by selected showbiz personalities on the dilemma between their career and studies /
_cChampagne D. Morales.
260 _aLas PiƱas City, Philippines :
_bSouthville International School and Colleges,
_c1999.
300 _a45 pages :
_billustrations ;
_c28 cm.
504 _aIncludes bibliographical references.
650 _aEntertainers
_zPhilippines
_xAttitudes.
650 _aCelebrities
_zPhilippines
_xEducation.
650 _aEducation and career
_zPhilippines.
650 _aBalancing work and education
_zPhilippines.
942 _2lcc
_cPASS
999 _c96249
_d96249